Fr. Conceicao Rodrigues College of Engineering

Vijay mukhis working with UNIX (Record no. 27091)

MARC details
000 -LEADER
fixed length control field 00299nam a2200145Ia 4500
082 ## - DEWEY DECIMAL CLASSIFICATION NUMBER
Classification number 005.13'U'
Item number THA
100 ## - MAIN ENTRY--PERSONAL NAME
Personal name Thakkar/K
245 ## - TITLE STATEMENT
Title Vijay mukhis working with UNIX
260 ## - PUBLICATION, DISTRIBUTION, ETC.
Name of publisher, distributor, etc. BPB
Place of publication, distribution, etc. New Delhi
Date of publication, distribution, etc. 1993
300 ## - PHYSICAL DESCRIPTION
Extent 523
546 ## - LANGUAGE NOTE
Language note ENGLISH
654 ## - SUBJECT ADDED ENTRY--FACETED TOPICAL TERMS
Focus term unix
942 ## - ADDED ENTRY ELEMENTS (KOHA)
Koha item type BOOK
Holdings
Withdrawn status Lost status Damaged status Not for loan Collection Home library Current library Date acquired Source of acquisition Cost, normal purchase price Inventory number Total Checkouts Full call number Barcode Date last seen Cost, replacement price Price effective from Koha item type
        CRC Fr. Agnel's C.Rodrigues College of Engineering Fr. Agnel's C.Rodrigues College of Engineering 17/03/2023 Progressive Books 150.00 2090 dt 24/02/93   005.13'U' THA 4191 17/03/2023 150.00 24/02/1993 BOOK